000 00289nam a22001337a 4500
008 170829b xxu||||| |||| 00| 0 eng d
020 _a2900205459536
041 _aeng
080 _23RD
_a070
100 _a39
101 _aMED
245 _aPUBLIC RELATIONS
_cGUTH,D.W
942 _2udc
_cBK
999 _c25386
_d25386